|
|
|
|
| LEADER |
00000nab a2200000 a 4500 |
| 001 |
vtls000873587 |
| 003 |
SK-MaSNL |
| 005 |
20260319075048.0 |
| 008 |
160405c2004 xo 0 hun |
| 015 |
|
|
|a SNBRB2004/05-16132
|
| 035 |
|
|
|a CLN000225139
|
| 040 |
|
|
|a SNKBUCL
|b slo
|c SNKBUCL
|e AACR2
|
| 041 |
0 |
|
|a hun
|
| 044 |
|
|
|a xo
|c SK
|
| 080 |
|
|
|a 811.511.141`373.42
|2 1997
|
| 080 |
|
|
|a 81`373.42:811.511.141
|2 1997
|
| 100 |
1 |
|
|a Lanstyák, István,
|d 1959-
|4 aut
|9 86473
|
| 245 |
1 |
0 |
|a Kalandozás a hasonló hangalakú szavak világában
|c Lanstyák István
|
| 650 |
0 |
7 |
|a maďarčina
|x paronymá
|2 snkbucl
|9 856431
|
| 650 |
0 |
7 |
|a paronymá
|2 snkbucl
|9 27540
|
| 655 |
|
7 |
|a články z novín a časopisov
|2 snkbucl
|9 267496
|
| 773 |
0 |
|
|t Új szó
|g Roč. 57, č. 96 (26.4.2004), s. 6
|
| 850 |
|
|
|a Slovenská národná knižnica v Martine
|
| 852 |
|
|
|a SNK
|b KIS3GCP
|
| 958 |
|
|
|a HU
|
| 958 |
|
|
|a RBX
|
| 999 |
|
|
|c 1374413
|d 1376343
|